| 000 | 01121nas a2200349 4500 | ||
|---|---|---|---|
| 001 | BR2014003015 | ||
| 003 | BR-BrBNA | ||
| 005 | 20231205124012.0 | ||
| 007 | ta | ||
| 008 | 230509b bl.|||p| |||| 00| 00por d | ||
| 040 |
_aBR-BrBNA _bpor _cBiblioteca Nacional de Agricultura |
||
| 041 | _a(Pt) | ||
| 072 | _aL72 | ||
| 100 | 1 | _aNascimento, C.G. do | |
| 100 | 1 | _aGrisi, L. | |
| 100 | 1 | _aFazio Junior, P.I. | |
| 100 | 1 | _aLambert, M.M. | |
| 100 | 1 | _aCoelho, C.N. | |
| 100 | 1 | _aMagalhães, V. de S. | |
| 100 | 1 | _aCoumendouros, K. | |
| 100 | 1 | _aScott, F.B. | |
| 245 | 1 | _aMonitoramento da resistência de Haematobia irritans (Linnaeus, 1758)(Diptera: Muscidae)a inseticidas no noroeste do estado de São Paulo | |
| 650 | _aBOVINO | ||
| 650 | _aMOSCA DOS CHIFRES | ||
| 650 | _aHAEMATOBIA IRRITANS | ||
| 650 | _aINSETICIDA | ||
| 650 | _aRESISTÊNCIA A PRODUTOS QUÍMICOS | ||
| 650 | _aSÃO PAULO | ||
| 773 | 0 |
_tRevista Brasileira de Medicina Veterinária (Brazil) _xISSN 0100-2430 _g(Dec 2012), v. 34(supl. 1) p. 21-27 _wBR2014003015 |
|
| 909 |
_a202311 _bLúcia _c55 _dLúcia Elande |
||
| 942 |
_2AGRIS _n0 _cANA |
||
| 999 |
_c236844 _d236844 |
||